Opportunities in pharmacy careers / (Record no. 1695)

MARC details
000 -LEADER
fixed length control field 00796cac a22002415a 4500
005 - DATE AND TIME OF LATEST TRANSACTION
control field 20180130123127.0
008 - FIXED-LENGTH DATA ELEMENTS--GENERAL INFORMATION
fixed length control field 130919t2004 ilu fr 000 0 eng d
020 ## - INTERNATIONAL STANDARD BOOK NUMBER
International Standard Book Number 0071411526
020 ## - INTERNATIONAL STANDARD BOOK NUMBER
International Standard Book Number 9780071411523
040 ## - CATALOGING SOURCE
Original cataloging agency EG-ScBUE
Language of cataloging eng
Transcribing agency EG-ScBUE
Modifying agency EG-ScBUE
082 04 - DEWEY DECIMAL CLASSIFICATION NUMBER
Classification number 615.102373
Item number GAB
Edition number 22
100 1# - MAIN ENTRY--PERSONAL NAME
Personal name Gable, Fred B.
9 (RLIN) 10124
245 10 - TITLE STATEMENT
Title Opportunities in pharmacy careers /
Statement of responsibility, etc Fred B. Gable.
250 ## - EDITION STATEMENT
Remainder of edition statement Revised ed.
260 ## - PUBLICATION, DISTRIBUTION, ETC. (IMPRINT)
Place of publication, distribution, etc Chicago :
Name of publisher, distributor, etc VGM Career Books,
Date of publication, distribution, etc c.2004.
300 ## - PHYSICAL DESCRIPTION
Extent xiv, 175 p. ;
Dimensions 19 cm.
490 0# - Series Statement
Series statement VGM's opportunities series
650 #7 - SUBJECT ADDED ENTRY--TOPICAL TERM
Topical term or geographic name as entry element Pharmacy
General subdivision Vocational guidance.
9 (RLIN) 33688
Source of heading or term BUEsh
650 #7 - SUBJECT ADDED ENTRY--TOPICAL TERM
Topical term or geographic name as entry element Pharmacy
General subdivision Vocational guidance
Geographic subdivision United States.
9 (RLIN) 10126
Source of heading or term BUEsh
651 ## - SUBJECT ADDED ENTRY--GEOGRAPHIC NAME
Source of heading or term BUEsh
653 ## - INDEX TERM--UNCONTROLLED
Resource For college Generalities
-- Pharmacy
Arrived date list December2013
-- January2018
942 ## - ADDED ENTRY ELEMENTS (KOHA)
Source of classification or shelving scheme Dewey Decimal Classification
Holdings
Withdrawn status Item status Damaged status Not for loan Home library Current library Shelving location Date acquired Source of acquisition Total Checkouts Total Renewals Full call number Barcode Date last seen Date last borrowed Koha item type Materials specified (bound volume or other part) Source of classification or shelving scheme Vendor Public note
        Central Library Central Library First floor 06/12/2005 Purchase 2 4 615.1023 GAB 000002637 15/07/2025 25/03/2015 Book - Borrowing        
  Lost     Central Library Central Library First floor 06/12/2005 Purchase 1 1 615.1023 GAB 000002636 23/06/2013 25/09/2012 Book - Borrowing Lost In Inventory_2015-8-23      
        Central Library Central Library First floor 06/12/2005 Purchase 4 1 615.1023 GAB 000002635 15/07/2025 10/10/2012 Book - Borrowing        
        Central Library Central Library First floor 06/12/2005 Purchase 2   615.1023 GAB 000002634 15/07/2025 24/09/2012 Book - Borrowing        
        Central Library Central Library First floor 06/12/2005 Purchase 2   615.1023 GAB 000002633 15/07/2025 10/10/2012 NB - Book (Non borrowing)        
        Central Library Central Library First floor 21/12/2009 Donation 2 4 615.1023 GAB 000019245 15/07/2025 03/05/2015 Book - Borrowing   Dewey Decimal Classification   Donation
        Central Library Central Library First floor 15/12/2013 Donation     615.1023 GAB 000035202 15/07/2025   Book - Borrowing   Dewey Decimal Classification Donation-Gift  
        Central Library Central Library First floor 15/12/2013 Donation     615.1023 GAB 000035203 15/07/2025   Book - Borrowing   Dewey Decimal Classification Donation-Gift  
        Central Library Central Library First floor 15/12/2013 Donation     615.1023 GAB 000035204 15/07/2025   Book - Borrowing   Dewey Decimal Classification Donation-Gift  
        Central Library Central Library First floor 18/12/2013 Donation     615.1023 GAB 000035230 15/07/2025   Book - Borrowing   Dewey Decimal Classification Donation-Gift  
        Central Library Central Library First floor 02/01/2018   2 3 615.102373 GAB 000047072 15/07/2025 29/09/2022 Book - Borrowing   Dewey Decimal Classification    
        Central Library Central Library First floor 30/01/2018       615.102373 GAB 000042889 15/07/2025   Book - Borrowing   Dewey Decimal Classification